Statistiques concernant En quelle année ce pays a organisé la Coupe du monde de football ?

Cliquez ici pour prendre le quiz!

Statistiques générales

  • Ce quiz a été pris 68 fois
  • Le résultat moyen est 19 sur 22

Statistiques - réponses

Pays Edition % Correct
Afrique du Sud2010
100%
France (2nde fois)1998
98%
Russie2018
97%
Brésil (2nde fois)2014
95%
Qatar2022
95%
Corée du Sud / Japon2002
92%
Allemagne (2nde fois)2006
91%
Uruguay1930
89%
Espagne1982
88%
Etats-Unis1994
88%
Allemagne (1ère fois)1974
88%
Argentine1978
86%
Brésil (1ère fois)1950
86%
Mexique (2nde fois)1986
86%
Angleterre1966
84%
Italie (2nde fois)1990
83%
Suisse1954
80%
Mexique (1ère fois)1970
80%
Italie (1ère fois)1934
80%
Chili1962
80%
France (1ère fois)1938
80%
Suède1958
78%

Distribution des résultats

Percentile by Number Answered

% des personnes avec chaque résultat

Votre développement - résultats

Vous n’avez pas pris ce quiz